Sports Quiz

Random Sports or WWE Quiz

Complete the Card: Fastlane 2017 Quiz Stats

 Plays Quiz not verified by Sporcle

Challenge
Share
Tweet
Embed
Score 0/24 Timer 03:00
0 Plays Today
Match Type Wrestler % Correct
Match 2 - Tag Team Match for the WWE Raw Tag Team ChampionshipLuke Gallows
88.3%
Match 2 - Tag Team Match for the WWE Raw Tag Team ChampionshipKarl Anderson
88.3%
Match 9 - Singles Match for the WWE Universal ChampionshipGoldberg
86.8%
Match 2 - Tag Team Match for the WWE Raw Tag Team ChampionshipBig Cass
86.4%
Match 2 - Tag Team Match for the WWE Raw Tag Team ChampionshipEnzo Amore
86%
Match 9 - Singles Match for the WWE Universal ChampionshipKevin Owens
85.6%
Match 6 - Singles Match for the WWE Cruiserweight ChampionshipNeville
82.9%
Match 8 - Singles Match for the WWE Raw Women's ChampionshipBayley
82.9%
Match 7 - Singles MatchRoman Reigns
82.5%
Match 8 - Singles Match for the WWE Raw Women's ChampionshipCharlotte Flair
81.3%
Match 7 - Singles MatchBraun Strowman
79%
Match 3 - Singles MatchSasha Banks
76.3%
Match Type Wrestler % Correct
Match 3 - Singles MatchNia Jax
75.1%
Match 4 - Singles MatchCesaro
75.1%
Match 6 - Singles Match for the WWE Cruiserweight ChampionshipJack Gallagher
73.5%
Match 5 - Singles MatchRusev
70%
Match 1 - Singles MatchSami Zayn
69.6%
Match 5 - Singles MatchBig Show
68.1%
Pre-Show Match 1 - Tag Team MatchRich Swann
67.7%
Match 1 - Singles MatchSamoa Joe
66.5%
Match 4 - Singles MatchJinder Mahal
66.1%
Pre-Show Match 1 - Tag Team MatchBrian Kendrick
64.6%
Pre-Show Match 1 - Tag Team MatchNoam Dar
64.2%
Pre-Show Match 1 - Tag Team MatchAkira Tozawa
57.6%

You're not logged in!

Compare scores with friends on all Sporcle quizzes.
OR
Log In

You Might Also Like...

Show Comments

Extras

Top Quizzes Today


Score Distribution

Your Account Isn't Verified!

In order to create a playlist on Sporcle, you need to verify the email address you used during registration. Go to your Sporcle Settings to finish the process.

Report this User

Report this user for behavior that violates our Community Guidelines.

Details: